Top 5 NFL Players ever to play for the Patriots - Statistics

General Stats
  • This quiz has been taken 60 times
  • The average score is 4 of 5
Answer Stats
Career Pos. Answer % Correct
2010-2018 TE Rob Gronkowski
100%
2000-2019 QB Tom Brady
100%
2007-2010 WR Randy Moss
94%
1996-2005 K Adam Vinatieri
88%
2006-2009 LB Junior Seau
41%
No matching quizzes found
Score Distribution
Percent of People with Each Score
Percentile by Number Answered
Your Score History
You have not taken this quiz